[Event "Crawley e2e4 Gatwick op U1650"]
[Site "Crawley"]
[Date "2016.05.30"]
[Round "7"]
[White "Verma, Shlok"]
[Black "Denford, Les"]
[Result "1-0"]
[WhiteElo "1208"]
[BlackElo "1367"]
[PlyCount "117"]
[EventDate "2016.05.27"]
[EventType "swiss"]
[EventRounds "7"]
[EventCountry "ENG"]
[SourceTitle "EXT 2019"]
[Source "ChessBase"]
[SourceDate "2018.10.10"]
[SourceVersion "1"]
[SourceVersionDate "2018.10.10"]
[SourceQuality "1"]

1. d4 d5 2. Nf3 Nc6 3. Bf4 e6 4. e3 a6 5. c4 Bb4+ 6. Nc3 Nf6 7. Bd3 dxc4 8. Bxc4 Ne4 9. Qc2 Nxc3 10. bxc3 Bd6 11. Bxd6 cxd6 12. 0-0 Qf6 13. Rfe1 b5 14. Bd3 Bb7 15. Rab1 Ne7 16. Be2 Nf5 17. c4 Bxf3 18. Bxf3 Rc8 19. Qe4 Nh4 20. Be2 g5 21. Qb7 0-0 22. Qxa6 Ra8 23. Qxd6 Rxa2 24. Ra1 Rxe2 25. Rxe2 bxc4 26. Qe5 Qxe5 27. dxe5 Rc8 28. Rc2 Ng6 29. Ra5 c3 30. Ra3 Rd8 31. h3 Nxe5 32. Raxc3 h5 33. Rc8 Rxc8 34. Rxc8+ Kg7 35. Rc5 Kf6 36. f4 gxf4 37. exf4 Nd3 38. Rxh5 Nxf4 39. Ra5 e5 40. Kf2 Kf5 41. Kf3 f6 42. h4 Ne6 43. g4+ Kg6 44. Ra6 Nd4+ 45. Ke4 Kg7 46. Ra4 Ne6 47. Rb4 Kg6 48. Rb6 Nc5+ 49. Kd5 Nd3 50. g5 Nf4+ 51. Ke4 Nh5 52. gxf6 Nxf6+ 53. Kxe5 Kh5 54. Rxf6 Kxh4 55. Rg6 Kh3 56. Kf4 Kh2 57. Kf3 Kh1 58. Kf2 Kh2 59. Rh6# 1-0